| 000 -ლიდერი |
| ფიქსირებული სიგრძის საკონტროლო ველი |
02824nam a22002777a 4500 |
| 003 - საკონტროლო ნომრის იდენტიფიკატორი |
| საკონტროლო ველი |
Ge_BSU |
| 005 - ბოლო ოპერაციის თარიღი და დრო |
| საკონტროლო ველი |
20230630171430.0 |
| 008 - ფიქსირებული სიგრძის მონაცემთა ელემენტები - ზოგადი ინფორმაცია |
| ფიქსირებული სიგრძის საკონტროლო ველი |
230630s1963 ge ||||| |||| 00| 0 geo d |
| 041 ## - ენის კოდი |
| Language code of text/sound track or separate title |
geo |
| 080 ## - უნივერსალური ათობითი კლასიფიკაციის ინდექსი |
| Universal Decimal Classification number |
94(479.22)(093) გ-34 |
| 245 ## - ცნობა სათაურის შესახებ |
| Title |
გეორგიკა : |
| Remainder of title |
ბიზანტიელი მწერლების ცნობები საქართველოს შესახებ. ტ. 5 / |
| Statement of responsibility, etc |
ტექსტები ქართული თარგმანითურთ გამოსცა და განმარტებები დაურთო სიმონ ყაუხჩიშვილმა; მთ. რედაქტორი გ. წერეთელი; რედ. ი. აბულაძე, ვლ. ფუთურიძე და სხვ.; საქ. სსრ მეცნიერებათა აკადემია, საქ. შესახებ არსებული უცხოური წყაროების კომისია, ივ. ჯავახიშვილის სახ. ისტორიის ინსტიტუტი. |
| 264 ## - წარმოების, გამოცემის, დისტრიბუციის და სხვა ცნობები |
| გამოცემის, წარმოების, დისტრიბუციის... ადგილი |
თბილისი : |
| გამოცემის, წარმოების, დისტრიბუციის... სახელწოდება |
საქ. სსრ მეცნიერებათა აკადემიის გამ-ბა, |
| გამოცემის, წარმოების, დისტრიბუციის... თარიღი |
1963. |
| 300 ## - ფიზიკური აღწერა |
| Extent |
332 გვ. : |
| Other physical details |
6 ფ. ტაბ. |
| Dimensions |
22 სმ. |
| 490 ## - სერიის ცნობა |
| Series statement |
უცხოური წყაროები საქართველოს შესახებ ; 12 |
| 500 ## - ზოგადი შენიშვნა |
| General note |
დამატებითი სატიტულო გვერდი რუს. და ბერძნ. ენებზე. |
| 501 ## - შენიშვნა თანმხლებ მასალაზე |
| With note |
საკუთარ სახელთა საძიებელი: გვ. 318-330. |
| 504 ## - BIBLIOGRAPHY, ETC. NOTE |
| Bibliography, etc |
ბიბლიოგრ. ტექსტის შენიშვნებში |
| 653 ## - INDEX TERM--UNCONTROLLED |
| Uncontrolled term |
საქართველოს ისტორიის ბიზანტიური წყაროები |
| 653 ## - INDEX TERM--UNCONTROLLED |
| Uncontrolled term |
გეორგიკა |
| 700 ## - ADDED ENTRY--PERSONAL NAME |
| Personal name |
ყაუხჩიშვილი, სიმონ |
| Relator term |
მთარგმნელი, წინასიტყვაობის ავტორი |
| 9 (RLIN) |
1490 |
| 700 ## - ADDED ENTRY--PERSONAL NAME |
| Personal name |
წერეთელი, გ., |
| 9 (RLIN) |
19123 |
| Relator term |
მთ. რედაქტორი |
| 700 ## - ADDED ENTRY--PERSONAL NAME |
| Personal name |
აბულაძე, ი. |
| Relator term |
რედაქტორი |
| 9 (RLIN) |
19125 |
| 700 ## - ADDED ENTRY--PERSONAL NAME |
| Personal name |
ფუთურიძე, ვლ. |
| Relator term |
რედაქტორი |
| 9 (RLIN) |
19126 |
| 710 ## - ADDED ENTRY--CORPORATE NAME |
| Corporate name or jurisdiction name as entry element |
საქართველოს სსრ მეცნიერებათა აკადემია. |
| Subordinate unit |
საქართველოს შესახებ არსებული უცხოური წყაროების კომისია. ივ. ჯავახიშვილის სახ. ისტორიის ინსტიტუტი. |
| 9 (RLIN) |
19121 |
| 942 ## - ADDED ENTRY ELEMENTS (KOHA) |
| Source of classification or shelving scheme |
|
| Koha item type |
წიგნი |